[Event "BCF-chT4 2223 (4NCL)"]
[Site "England"]
[Date "2023.01.07"]
[Round "3.42"]
[White "Parikh, Naavya"]
[Black "Page, Thomas"]
[Result "0-1"]
[WhiteElo "1715"]
[BlackElo "1830"]
[PlyCount "140"]
[EventDate "2022.11.05"]
[EventType "team-swiss"]
[EventRounds "11"]
[EventCountry "ENG"]
[SourceTitle "EXT 2024"]
[Source "ChessBase"]
[SourceDate "2023.10.10"]
[SourceVersion "1"]
[SourceVersionDate "2023.10.10"]
[SourceQuality "1"]
[WhiteTeam "Cambridge University"]
[BlackTeam "Barnet Knights III"]
[WhiteTeamCountry "ENG"]
[BlackTeamCountry "ENG"]

1. e4 e6 2. d4 d5 3. exd5 exd5 4. Nf3 Nf6 5. Be2 Bf5 6. 0-0 Bd6 7. Re1 0-0 8. Bg5 Nbd7 9. Nbd2 c6 10. c4 Qc7 11. h3 h6 12. Be3 Rfe8 13. Rc1 Bf4 14. Nf1 dxc4 15. Bxc4 Nb6 16. Bb3 Rad8 17. Bxf4 Qxf4 18. Rxe8+ Rxe8 19. Ng3 Be6 20. Bxe6 Rxe6 21. Qd2 Qxd2 22. Nxd2 Nbd5 23. a3 Nf4 24. Nc4 Ne4 25. Re1 Nxg3 26. Rxe6 Nge2+ 27. Rxe2 Nxe2+ 28. Kf1 Nxd4 29. Ke1 Kf8 30. Kd2 Ke7 31. Kd3 Ne6 32. g3 Nd8 33. Ke4 Ke6 34. g4 g6 35. f3 f5+ 36. gxf5+ gxf5+ 37. Kf4 Nf7 38. h4 b6 39. b3 c5 40. a4 Kf6 41. Ne3 Nd6 42. h5 Ke6 43. Nc2 a6 44. Ne3 b5 45. axb5 axb5 46. Nc2 c4 47. bxc4 bxc4 48. Nb4 c3 49. Ke3 Nb5 50. Nc2 Kd5 51. Kd3 Ke5 52. Ke3 f4+ 53. Kd3 Kf5 54. Ne1 Kf6 55. Kc4 Nc7 56. Kxc3 Kg5 57. Kd4 Ne6+ 58. Ke5 Ng7 59. Ng2 Nxh5 60. Ke4 Ng3+ 61. Ke5 Ne2 62. Ke4 h5 63. Kd3 Ng3 64. Kd4 h4 65. Nxh4 Kxh4 66. Ke5 Ne2 67. Kd5 Kg3 68. Ke4 Ng1 69. Kd3 Kxf3 70. Kd2 Kf2 0-1